Oklahoma City Thunder leading scorer each game (2024-2025 season) - Statistics

General Stats
  • This quiz has been taken 31 times
  • The average score is 4 of 5
Answer Stats
# of games Player % Correct
13 Jalen Williams
100%
62 Shai Gilgeous-Alexander
100%
2 Luguentz Dort
90%
4 Aaron Wiggins
69%
1 Isaiah Joe
59%
No matching quizzes found
Score Distribution
Percent of People with Each Score
Percentile by Number Answered
Your Score History
You have not taken this quiz